=LDR 00000nam 2200000 4500 =001 000338 =005 20250710023822 =035 ##$$a 0010-0725000193 =007 ta =008 250710################a##########0#ind## =020 ##$$a 978-602-1101-56-8 =082 ##$$a 398.209 598 =084 ##$$a 398.209 598 ASD i =100 #$$a Asdiana =245 1#$$a Lihat Rambutku /$c Asdiana =260 ##$$a Tanimulya :$b Yayasan Litara,$c 2021 =300 ##$$a 16 hlm. : $b Ilus. ; $c 21x29,7 cm. =856 ##$$a TBM AS SUHADA =990 ##$$a TBM00460046